<?xml version="1.0" encoding="UTF-8"?>
<record
    xmlns:xsi="http://www.w3.org/2001/XMLSchema-instance"
    xsi:schemaLocation="http://www.loc.gov/MARC21/slim http://www.loc.gov/standards/marcxml/schema/MARC21slim.xsd"
    xmlns="http://www.loc.gov/MARC21/slim">

  <leader>01072nam a2200253 i 4500</leader>
  <controlfield tag="001">181102</controlfield>
  <controlfield tag="003">ES-MaACL</controlfield>
  <controlfield tag="005">20240122153308.0</controlfield>
  <controlfield tag="008">121016s2010    sp a   | |||||||| | spa d</controlfield>
  <datafield tag="020" ind1=" " ind2=" ">
    <subfield code="a">978-84-7788-610-5</subfield>
  </datafield>
  <datafield tag="080" ind1=" " ind2=" ">
    <subfield code="a">929 Hern&#xE1;ndez, Miguel</subfield>
  </datafield>
  <datafield tag="080" ind1=" " ind2=" ">
    <subfield code="a">821.134.2 Hern&#xE1;ndez, Miguel 1.07 (082.2)</subfield>
  </datafield>
  <datafield tag="245" ind1="0" ind2="3">
    <subfield code="a">Un ruise&#xF1;or en la besana : </subfield>
    <subfield code="b">(homenaje a Miguel Hern&#xE1;ndez) : Octubre 2010 / </subfield>
    <subfield code="c">Inmaculada G&#xF3;mez Vera (coordinadora de la edici&#xF3;n).</subfield>
  </datafield>
  <datafield tag="260" ind1=" " ind2=" ">
    <subfield code="a">[Toledo] : </subfield>
    <subfield code="b">Sociedad Don Quijote de Conmemoraciones Culturales de Castilla-La Mancha, </subfield>
    <subfield code="c">2010.</subfield>
  </datafield>
  <datafield tag="300" ind1=" " ind2=" ">
    <subfield code="a">204, [7] p. de l&#xE1;m. col. ; </subfield>
    <subfield code="c">24 cm.</subfield>
  </datafield>
  <datafield tag="504" ind1=" " ind2=" ">
    <subfield code="a">Incluye referencias bibliogr&#xE1;ficas.</subfield>
  </datafield>
  <datafield tag="600" ind1="1" ind2="4">
    <subfield code="a">Hern&#xE1;ndez, Miguel,</subfield>
    <subfield code="d">1910-1942-</subfield>
    <subfield code="v">Homenajes</subfield>
    <subfield code="9">62848</subfield>
  </datafield>
  <datafield tag="700" ind1="1" ind2=" ">
    <subfield code="a">G&#xF3;mez Vera, Inmaculada.</subfield>
    <subfield code="9">151649</subfield>
  </datafield>
  <datafield tag="700" ind1="1" ind2=" ">
    <subfield code="a">Hern&#xE1;ndez, Miguel,</subfield>
    <subfield code="d">1910-1942</subfield>
    <subfield code="9">62844</subfield>
  </datafield>
  <datafield tag="852" ind1=" " ind2=" ">
    <subfield code="a">ES-MaACL</subfield>
    <subfield code="j">A-12315</subfield>
    <subfield code="9">187985</subfield>
    <subfield code="b">R.148436</subfield>
    <subfield code="c">DEPO1</subfield>
    <subfield code="d">Olim: N-5320</subfield>
    <subfield code="x">Donaci&#xF3;n: Alejandro Sanz</subfield>
  </datafield>
  <datafield tag="903" ind1=" " ind2=" ">
    <subfield code="a">Sanz, Alejandro,</subfield>
    <subfield code="d">1967-</subfield>
    <subfield code="e">dnr</subfield>
    <subfield code="9">103558</subfield>
  </datafield>
  <datafield tag="942" ind1=" " ind2=" ">
    <subfield code="2">udc</subfield>
    <subfield code="c">MONOGRAFIA</subfield>
  </datafield>
  <datafield tag="999" ind1=" " ind2=" ">
    <subfield code="c">181102</subfield>
    <subfield code="d">181102</subfield>
  </datafield>
  <datafield tag="952" ind1=" " ind2=" ">
    <subfield code="0">0</subfield>
    <subfield code="1">0</subfield>
    <subfield code="2">udc</subfield>
    <subfield code="4">0</subfield>
    <subfield code="7">0</subfield>
    <subfield code="a">ATENEOM</subfield>
    <subfield code="b">ATENEOM</subfield>
    <subfield code="c">DEPO1</subfield>
    <subfield code="d">2012-10-16</subfield>
    <subfield code="e">DONACION</subfield>
    <subfield code="l">0</subfield>
    <subfield code="o">N-5320</subfield>
    <subfield code="p">1190313</subfield>
    <subfield code="r">2023-02-23 00:00:00</subfield>
    <subfield code="w">2023-02-23</subfield>
    <subfield code="y">MONOGRAFIA</subfield>
  </datafield>
</record>
